Statistiken für Länder in ihrer Landessprache

Klicken Sie hier um das Quiz zu spielen!

Allgemein

  • Dieses Quiz wurde 271 mal gespielt
  • Das Durchschnittsergebnis liegt bei 21 aus 32

Antwortstatistiken

LandesspracheDeutsch% Korrekt
FranceFrankreich
100%
PolskaPolen
100%
EspañaSpanien
100%
Россия (Rossija)Russland
99%
United KingdomVereinigtes Königreich
99%
EestiEstland
98%
NorgeNorwegen
98%
Србија (Srbija)Serbien
98%
SlovenskoSlowakei
97%
LietuvaLitauen
96%
LëtzebuergLuxemburg
95%
ČeskoTschechien
91%
Ελλάς (Éllas)Griechenland
84%
Côte d’IvoireElfenbeinküste
82%
SverigeSchweden
81%
日本 (Nihon)Japan
78%
中華人民共和國 (Zhōngguó)China
73%
ÉireIrland
66%
HrvatskaKroatien
66%
SuomiFinnland
57%
MagyarországUngarn
53%
ኢትዮጵያ (Ithiyopiya)Äthiopien
44%
대한민국 (Daehan Minguk)Südkorea
43%
ShqipëriaAlbanien
38%
المغرب (Al-Maghrib)Marokko
36%
भारत (Bhārat)Indien
28%
مصر (Misr)Ägypten
24%
Crna GoraMontenegro
22%
AotearoaNeuseeland
19%
საქართველო (Sak'art'velo)Georgien
17%
Հայաստան (Hayastan)Armenien
14%
འབྲུག་ཡུལ་ (Druk-Yul)Bhutan
9%

Verteilung der Resultate

Perzentil nach korrekt beantworteten Fragen

Anzahl Personen mit jedem Resultat

Ihre Resultats-Entwicklung

Sie haben dieses Quiz noch nicht gespielt